What countries are most affected by terrorism? - Statistics

General Stats
  • This quiz has been taken 34 times
  • The average score is 7 of 10
Answer Stats
Hint Answer % Correct
Asia Afghanistan
88%
Africa Somalia
81%
Asia Syria
81%
Africa Niger
75%
Ben N Israel
72%
Asia Pakistan
72%
Africa Nigeria
69%
Africa Mali
59%
Africa Burkina Faso
56%
Africa Cameroon
25%
No matching quizzes found
Score Distribution
Percent of People with Each Score
Percentile by Number Answered
Your Score History
You have not taken this quiz